O meu primeiro livro (Record no. 44708)
[ view plain ]
| 000 -Etiqueta do registo | |
|---|---|
| Valores | 00448nam a2200157 4500 |
| 100 ## - Dados gerais de processamento | |
| Dados gerais | 20250902 pory50 |
| 101 ## - Língua de publicação | |
| Língua | por |
| 102 ## - País de publicação | |
| País | PT |
| 200 ## - Titulo e menção de responsabilidade | |
| Título próprio | O meu primeiro livro |
| Primeira menção de responsabilidade | Alunos do Ensino Primário das Escolas Alcácer do Sal n.º 1 ... [et al] |
| 210 ## - Publicação | |
| Local de publicação | Alcácer do Sal |
| Nome do editor | Centro de Apoio Pedagógico de Alcácer do Sal |
| Data de publicação | [1986] |
| 215 ## - Descrição física | |
| Paginação / Volumes | 1 v. |
| 675 ## - CDU | |
| Notação | 82-93 |
| 801 ## - Fonte de origem | |
| País | PT |
| Regras de catalogação | RPC |
| 990 ## - Elementos KOHA | |
| Tipo de documento | Livro |
| Aquisição | Empréstimo | Código de barras | Cota | Permissão de empréstimo | Tipo de documento | Nota relativa ao exemplar |
|---|---|---|---|---|---|---|
| Biblioteca Municipal de Redondo | Biblioteca Municipal de Redondo | 054588 | 82-93 MEU | Livro | ||
| Biblioteca Municipal de Redondo | Biblioteca Municipal de Redondo | 054589 | 82-93 MEU | Livro | depósito | |
| Biblioteca Municipal de Redondo | Biblioteca Municipal de Redondo | 054590 | 82-93 MEU | Livro | depósito | |
| Biblioteca Municipal de Redondo | Biblioteca Municipal de Redondo | 054591 | 82-93 MEU | Livro | depósito | |
| Biblioteca Municipal de Redondo | Biblioteca Municipal de Redondo | 054592 | 82-93 MEU | Livro | depósito | |
| Biblioteca Municipal de Redondo | Biblioteca Municipal de Redondo | 054593 | 82-93 MEU | Livro | depósito |